000 00484nam a2200181Ia 4500
999 _c14387
_d14387
003 OSt
005 20201016131526.0
008 190216s9999||||xx |||||||||||||| ||und||
020 _a9780140174618
040 _coclc
082 _a530.11
_bDAV/A
100 _aDavies, Paul
_95810
245 0 _aAbout Time /
_cPaul Davies
260 _bPenguin Books,
_aLondon:
_c1995.
300 _a316p
650 _aEnglish
942 _cBK
_2ddc
_h530.11
_iDAV/A
_k530.11
_mDAV/A